Sports Quiz

Random Sports or Football Quiz

Red Sox Opening Day Lineups Quiz Stats

 Plays Quiz not verified by Sporcle

Challenge
Share
Tweet
Embed
Score 0/200 Timer 13:00
0 Plays Today
Year Player % Correct
2004David Ortiz
96.9%
2005David Ortiz
96.9%
2006David Ortiz
96.9%
2007David Ortiz
96.9%
2008David Ortiz
96.9%
2009David Ortiz
96.9%
2010David Ortiz
96.9%
1998Pedro Martinez
95.4%
1999Pedro Martinez
95.4%
2000Jason Varitek
95.4%
2000Pedro Martinez
95.4%
2001Jason Varitek
95.4%
2001Pedro Martinez
95.4%
2002Jason Varitek
95.4%
2002Pedro Martinez
95.4%
2003Jason Varitek
95.4%
2003Pedro Martinez
95.4%
2004Jason Varitek
95.4%
2004Pedro Martinez
95.4%
2005Jason Varitek
95.4%
2006Jason Varitek
95.4%
2007Jason Varitek
95.4%
2008Jason Varitek
95.4%
2009Jason Varitek
95.4%
2010Victor Martinez
95.1%
2001Manny Ramirez
94.8%
2002Manny Ramirez
94.8%
2003Manny Ramirez
94.8%
2004Manny Ramirez
94.8%
2005Manny Ramirez
94.8%
2006Manny Ramirez
94.8%
2007Manny Ramirez
94.8%
2008Manny Ramirez
94.8%
2007Dustin Pedroia
94.3%
2008Dustin Pedroia
94.3%
2009Dustin Pedroia
94.3%
2010Dustin Pedroia
94.3%
2006Kevin Youkilis
90.2%
2007Kevin Youkilis
90.2%
2008Kevin Youkilis
90.2%
2009Kevin Youkilis
90.2%
2010Kevin Youkilis
90.2%
2008Jacoby Ellsbury
89.6%
2009Jacoby Ellsbury
89.6%
2010Jacoby Ellsbury
89.6%
1997Nomar Garciaparra
88.8%
1998Nomar Garciaparra
88.8%
1999Nomar Garciaparra
88.8%
2000Nomar Garciaparra
88.8%
2002Nomar Garciaparra
88.8%
2003Nomar Garciaparra
88.8%
2009Josh Beckett
88.4%
2010Josh Beckett
88.4%
2006Mike Lowell
85.8%
2007Mike Lowell
85.8%
2008Mike Lowell
85.8%
2009Mike Lowell
85.8%
2007J.D. Drew
85.4%
2009J.D. Drew
85.4%
2010J.D. Drew
85.4%
2002Johnny Damon
82.3%
2003Johnny Damon
82.3%
2004Johnny Damon
82.3%
2005Johnny Damon
82.3%
2006Curt Schilling
80.2%
2007Curt Schilling
80.2%
1999Trot Nixon
76.7%
Year Player % Correct
2001Trot Nixon
76.7%
2002Trot Nixon
76.7%
2003Trot Nixon
76.7%
2006Trot Nixon
76.7%
1994Otis Nixon
76.4%
1992Mo Vaughn
75.8%
1993Mo Vaughn
75.8%
1994Mo Vaughn
75.8%
1995Mo Vaughn
75.8%
1996Mo Vaughn
75.8%
1997Mo Vaughn
75.8%
1998Mo Vaughn
75.8%
1991Roger Clemens
75.3%
1992Roger Clemens
75.3%
1993Roger Clemens
75.3%
1994Roger Clemens
75.3%
1996Roger Clemens
75.3%
2010Adrian Beltre
73.7%
2004Bill Mueller
72.9%
2005Bill Mueller
72.9%
2009Jason Bay
71.5%
1991Wade Boggs
69.1%
1992Wade Boggs
69.1%
2010Mike Cameron
67.9%
2003Kevin Millar
66.3%
2004Kevin Millar
66.3%
2005Kevin Millar
66.3%
2005Edgar Renteria
65.2%
2006Alex Gonzalez
61.9%
2010Marco Scutaro
57.8%
2004Mark Bellhorn
57.3%
2005Mark Bellhorn
57.3%
2007Julio Lugo
57.3%
2008Julio Lugo
57.3%
1991Mike Greenwell
53.8%
1992Mike Greenwell
53.8%
1993Mike Greenwell
53.8%
1994Mike Greenwell
53.8%
1995Mike Greenwell
53.8%
1996Mike Greenwell
53.8%
2006Coco Crisp
53.5%
2007Coco Crisp
53.5%
2008Daisuke Matsuzaka
50.8%
1994John Valentin
47.6%
1995John Valentin
47.6%
1996John Valentin
47.6%
1997John Valentin
47.6%
1998John Valentin
47.6%
1999John Valentin
47.6%
2000John Valentin
47.6%
1996Troy O'Leary
45.8%
1998Troy O'Leary
45.8%
1999Troy O'Leary
45.8%
2000Troy O'Leary
45.8%
2001Troy O'Leary
45.8%
2009Jed Lowrie
44.4%
1991Ellis Burks
39.8%
1992Ellis Burks
39.8%
2004Pokey Reese
39.6%
2000Carl Everett
38.3%
2001Carl Everett
38.3%
1991Tony Pena
36.6%
1992Tony Pena
36.6%
1993Tony Pena
36.6%
1996Mike Stanley
36.5%
1997Mike Stanley
36.5%
1999Mike Stanley
36.5%
Year Player % Correct
2000Mike Stanley
36.5%
2003Todd Walker
34.3%
2001Shea Hillenbrand
33.9%
2002Shea Hillenbrand
33.9%
2003Shea Hillenbrand
33.9%
1999Jose Offerman
33.4%
2000Jose Offerman
33.4%
2002Jose Offerman
33.4%
2006Mark Loretta
33.3%
1995Jose Canseco
33.2%
1996Jose Canseco
33.2%
2005David Wells
31%
1991Jack Clark
30.8%
1992Jack Clark
30.8%
2002Tony Clark
30.7%
1998Darren Lewis
29.1%
1999Darren Lewis
29.1%
2000Darren Lewis
29.1%
1993Scott Cooper
28.4%
1994Scott Cooper
28.4%
1991Jody Reed
27.5%
1992Jody Reed
27.5%
2004Gabe Kapler
26.5%
1991Tim Naehring
26.4%
1995Tim Naehring
26.4%
1996Tim Naehring
26.4%
1997Tim Naehring
26.4%
1998Scott Hatteberg
25.7%
1999Scott Hatteberg
25.7%
2001Brian Daubach
23.4%
1998Reggie Jefferson
22%
1991Tom Brunansky
21.9%
2003Jeremy Giambi
21.6%
1993Andre Dawson
21.1%
1994Andre Dawson
21.1%
1998Darren Bragg
19.1%
1999Jeff Frye
18.5%
1991Carlos Quintana
16.7%
2002Rey Sanchez
15.3%
2008Brandon Moss
14.2%
1995Aaron Sele
13.5%
1992Phil Plantier
13.1%
1992Luis Rivera
12.5%
1993Luis Rivera
12.5%
1993Scott Fletcher
12.3%
1994Scott Fletcher
12.3%
1997Tom Gordon
11.8%
1995Mike Macfarlane
11.7%
1995Luis Alicea
11.1%
1996Wil Cordero
10.5%
1997Wil Cordero
10.5%
1995Lee Tinsley
9.6%
1997Bill Haselman
9.6%
2005Jay Payton
9.4%
1993Billy Hatcher
9.3%
1994Billy Hatcher
9.3%
1994Dave Valle
8.9%
2000Gary Gaetti
8.9%
2001Chris Stynes
7.8%
1996Dwayne Hosey
7.4%
1998Donnie Sadler
7.3%
1993Ivan Calderon
6.6%
1997Shane Mack
6%
1997Rudy Pemberton
5.9%
2001Craig Grebeck
5.8%
1995Mark Whiten
5.7%

You're not logged in!

Compare scores with friends on all Sporcle quizzes.
Join for Free
OR
Log In

You Might Also Like...

Show Comments

Extras

Top Quizzes Today


Score Distribution

Your Account Isn't Verified!

In order to create a playlist on Sporcle, you need to verify the email address you used during registration. Go to your Sporcle Settings to finish the process.

Report this User

Report this user for behavior that violates our Community Guidelines.

Details: